All Mario Kart Wii Items - Statistics

General Stats
  • This quiz has been taken 93 times
  • The average score is 11 of 20
Answer Stats
Hint Answer % Correct
RACE Red Shell
95%
RACE Banana
92%
RACE Green Shell
92%
RACE Blue Shell
82%
RACE Mushroom
82%
RACE Star
77%
RACE Bullet Bill
75%
RACE Golden Mushroom
56%
RACE POW
54%
RACE Triple Mushroom
51%
BATTLE Coin
48%
RACE Mega Mushroom
39%
RACE Fake Item Box
38%
RACE Triple Bananas
34%
RACE Triple Red Shells
33%
RACE Triple Green Shells
33%
RACE Blooper
31%
RACE Thunder Cloud
30%
RACE Bomb
28%
RACE Shock
25%
No matching quizzes found
Score Distribution
Percent of People with Each Score
Percentile by Number Answered
Your Score History
You have not taken this quiz